LEADER 00959nam0-22003011i-450- 001 990008133210403321 005 20050711155822.0 035 $a000813321 035 $aFED01000813321 035 $a(Aleph)000813321FED01 035 $a000813321 100 $a20050620d1972----km-y0itay50------ba 101 0 $ager 102 $aDE 105 $ay-------001yy 200 1 $aSozialphilosophische Studien$eaufsätze, reden und vorträge 1930-1972$emit einem anhang über Universität und Studium$fMax Horkheimer$ghrsg. von Werner Brede 210 $aFrankfurt am Main$cAthenäum Fischer Taschenbuch$d©1972 215 $a203 p. 225 1 $aFischer Athenäum Taschenbucher 700 1$aHorkheimer,$bMax$f<1895?1973> 702 1$aBrede,$bWerner 801 0$aIT$bUNINA$gRICA$2UNIMARC 901 $aBK 912 $a990008133210403321 952 $aXI G H 10 (5)$bs.i.$fDFD 959 $aDFD 996 $aSozialphilosophische Studien$9756353 997 $aUNINA LEADER 02939nam 2200577I 450 001 9910462858003321 005 20200520144314.0 010 $a0-429-25386-9 035 $a(CKB)2670000000415433 035 $a(SSID)ssj0001065083 035 $a(PQKBManifestationID)12491288 035 $a(PQKBTitleCode)TC0001065083 035 $a(PQKBWorkID)11060598 035 $a(PQKB)11206782 035 $a(MiAaPQ)EBC1449682 035 $a(WaSeSS)IndRDA00116859 035 $a(CaSebORM)9781466555105 035 $a(Au-PeEL)EBL1449682 035 $a(CaPaEBR)ebr11166404 035 $a(OCoLC)908078022 035 $a(OCoLC)861751854 035 $a(EXLCZ)992670000000415433 100 $a20180611d2012 uy 0 101 0 $aeng 135 $aurcnu|||||||| 181 $ctxt 182 $cc 183 $acr 200 10$aIntroduction to surveillance studies /$fby J.K. Petersen 205 $a1st edition 210 1$aBoca Raton, FL :$cCRC Press, an imprint of Taylor and Francis,$d2012. 215 $a1 online resource (398 pages) $cillustrations 300 $aBibliographic Level Mode of Issuance: Monograph 311 $a1-4665-5510-6 311 $a1-4665-5509-2 320 $aIncludes bibliographical references (p. 377-381). 327 $apart Section 1: Introduction and Overview -- chapter Introduction -- chapter Brief History -- part Section 2: Technologies and Techniques -- chapter Optical Surveillance -- chapter Aerial Surveillance -- chapter Audio Surveillance -- chapter Radio-Wave Surveillance -- chapter GPS Surveillance -- chapter Sensors -- chapter Computers and Internet Surveillance -- chapter Data Cards -- chapter Biochemical Surveillance -- chapter Animal Surveillance -- chapter Biometrics -- chapter Genetics -- part Section 3: Practical Considerations -- chapter Prevalence of Surveillance -- chapter Effectiveness of Surveillance -- part Section 4: Privacy and Legislation -- chapter Constitutional Freedoms -- chapter Legislation. 330 3 $aSurveillance is a divisive issue?one might say it is inherently controversial. Used by private industry, law enforcement, and for national security, it can be a potent tool for protecting resources and assets. It can also be extremely invasive, calling into question our basic rights to freedom and privacy. Introduction to Surveillance Studies explores technological trends, past- and present-day rationales for surveillance and surveillance devices, and current social issues surrounding them. 606 $aElectronic surveillance 606 $aPrivacy, Right of 608 $aElectronic books. 615 0$aElectronic surveillance. 615 0$aPrivacy, Right of. 676 $a621.389/28 700 $aPetersen$b J., K.$g(Julie K.,)$0995995 801 0$bFlBoTFG 801 1$bFlBoTFG 906 $aBOOK 912 $a9910462858003321 996 $aIntroduction to surveillance studies$92282258 997 $aUNINA